L'art de la lingere / (Record no. 182930)
[ view plain ]
| 000 -LEADER | |
|---|---|
| campo de control de longitud fija | 00893nam a2200217 i 4500 |
| 001 - NÚMERO DE CONTROL | |
| campo de control | 182930 |
| 003 - IDENTIFICADOR DE NÚMERO DE CONTROL | |
| campo de control | ES-MaACL |
| 005 - FECHA Y HORA DE LA ÚLTIMA TRANSACCIÓN | |
| campo de control | 20250929063301.0 |
| 008 - DATOS DE LONGITUD FIJA--INFORMACIÓN GENERAL | |
| campo de control de longitud fija | 131217s1771 fr f |||| | fre d |
| 100 1# - ENTRADA PRINCIPAL--NOMBRE DE PERSONA | |
| Nombre de persona | Garsault, François Alexandre Pierre de, |
| Fechas asociadas al nombre | 1691-1778 |
| 9 (RLIN) | 154002 |
| 245 12 - MENCIÓN DEL TÍTULO | |
| Título | L'art de la lingere / |
| Mención de responsabilidad, etc. | par M. de Garsault. |
| 260 ## - PUBLICACIÓN, DISTRIBUCIÓN, ETC. | |
| Lugar de publicación, distribución, etc. | [Paris] : |
| Nombre del editor, distribuidor, etc. | de l'Imprimerie L. F. Delatour, |
| Fecha de publicación, distribución, etc. | 1771. |
| 300 ## - DESCRIPCIÓN FÍSICA | |
| Extensión | 58 p., 4 lám. ; |
| Dimensiones | 44 cm. |
| 490 1# - MENCIÓN DE SERIE | |
| Mención de serie | Descriptions des arts et métiers faites ou approuvées par Messieurs de l'Académie Royale des Sciences |
| 530 ## - NOTA DISPONIBLE DE FORMULARIO FÍSICO ADICIONAL | |
| Nota de formato físico adicional disponible | Disponible en formato digital. |
| 650 #4 - PUNTO DE ACCESO ADICIONAL DE MATERIA--TÉRMINO DE MATERIA | |
| Término de materia o nombre geográfico como elemento de entrada | Lencería- |
| Subdivisión de forma | Obras anteriores a 1800. |
| 9 (RLIN) | 154019 |
| 830 00 - PUNTO DE ACCESO ADICIONAL DE SERIE-TÍTULO UNIFORME | |
| Título uniforme | Descriptions des arts et métiers |
| 9 (RLIN) | 241750 |
| 852 ## - LOCALIZACIÓN | |
| Ubicación | ES-MaACL |
| Número de control de estantería | R-61(3) |
| Encuadernación | Olim: C-10827-70 |
| 856 ## - LOCALIZACIÓN Y ACCESO ELECTRÓNICOS | |
| Identificador Uniforme de Recursos | <a href="http://gallica.bnf.fr/ark:/12148/btv1b7200315v?rk=21459;2 ">http://gallica.bnf.fr/ark:/12148/btv1b7200315v?rk=21459;2 </a> |
| Nota pública | BNF-Gallica |
| Estatus retirado | Estado de pérdida | Estado de daño | No para préstamo | Colección | Biblioteca de origen | Biblioteca actual | Ubicación en estantería | Fecha de adquisición | Fuente de adquisición | Total de préstamos | Signatura topográfica completa | Código de barras | Visto por última vez | Precio de reemplazo | Tipo de ítem Koha |
|---|---|---|---|---|---|---|---|---|---|---|---|---|---|---|---|
| Colección digital | Biblioteca del Ateneo de Madrid | Biblioteca del Ateneo de Madrid | Depósito | 17/12/2013 | R-61(3) | 1192259 | 23/02/2023 | 23/02/2023 | Libro impreso antiguo |
